| Tag |
First Indicator |
Second Indicator |
Subfields |
| LEADER |
00000cam a2200000 a 4500 |
| 001 |
in00002020366 |
| 005 |
20151031173844.0 |
| 008 |
030818s2003 maua 000 0 eng |
| 010 |
|
|
|a 2003018407
|
| 020 |
|
|
|a 1592330169
|
| 035 |
|
|
|a (OCoLC)ocm52963286
|
| 040 |
|
|
|a DLC
|c DLC
|d IG#
|d OCLCQ
|d UtOrBLW
|
| 049 |
|
|
|a TXAM
|
| 050 |
0 |
0 |
|a BF1879.T2
|b L59 2003
|
| 082 |
0 |
0 |
|a 133.3/2424
|2 22
|
| 100 |
1 |
|
|a Llewellyn, A. Bronwyn
|q (Anita Bronwyn)
|
| 245 |
1 |
4 |
|a The Shakespeare oracle :
|b let the bard predict your future /
|c A. Bronwyn Llewellyn ; paintings by Cynthia von Buhler.
|
| 264 |
|
1 |
|a Gloucester, Mass. :
|b Fair Winds Press,
|c 2003.
|
| 300 |
|
|
|a 176 pages :
|b color illustrations ;
|c 20 cm. +
|e Tarot card deck.
|
| 336 |
|
|
|a text
|b txt
|2 rdacontent
|
| 337 |
|
|
|a unmediated
|b n
|2 rdamedia
|
| 338 |
|
|
|a volume
|b nc
|2 rdacarrier
|
| 650 |
|
0 |
|a Tarot.
|
| 650 |
|
0 |
|a Divination.
|
| 600 |
1 |
0 |
|a Shakespeare, William,
|d 1564-1616.
|
| 700 |
1 |
|
|a Buhler, Cynthia von.
|
| 948 |
|
|
|a cataloged
|b h
|c 2005/6/1
|d c
|e jgreene
|f 3:36:45 pm
|
| 994 |
|
|
|a C0
|b TXA
|
| 999 |
|
|
|a MARS
|
| 999 |
f |
f |
|s e2c67a31-808f-30af-a147-332d79ef4c09
|i e7384949-114b-35c9-b0e5-7585a2b9019d
|t 0
|
| 952 |
f |
f |
|p ric
|a Texas A&M University
|b Rellis Campus
|c Joint Library Facility
|d Remote Storage
|t 0
|e BF1879.T2 L59 2003
|h Library of Congress classification
|i unmediated -- volume
|m A14833790178
|
| 998 |
f |
f |
|a BF1879.T2 L59 2003
|t 0
|l Remote Storage
|